<?xml version="1.0" encoding="UTF-8"?>
<collection xmlns="http://www.loc.gov/MARC21/slim">
 <record>
  <leader>02645nam a22002897a 4500</leader>
  <controlfield tag="001">NCT_4_009513</controlfield>
  <controlfield tag="008">240617b        xxu||||| |||| 00| 0 vie d</controlfield>
  <datafield tag="999" ind1=" " ind2=" ">
   <subfield code="c">8418</subfield>
   <subfield code="d">8418</subfield>
  </datafield>
  <datafield tag="020" ind1=" " ind2=" ">
   <subfield code="a">9786043605426</subfield>
   <subfield code="c">169000</subfield>
  </datafield>
  <datafield tag="082" ind1="0" ind2="4">
   <subfield code="2">23rd ed.</subfield>
   <subfield code="a">332.632</subfield>
   <subfield code="b">B879</subfield>
  </datafield>
  <datafield tag="100" ind1="1" ind2=" ">
   <subfield code="a">Brown,David</subfield>
  </datafield>
  <datafield tag="245" ind1="1" ind2="0">
   <subfield code="a">Chiến lược đầu tư chứng khoán :</subfield>
   <subfield code="b">Những phong cách đầu tư phổ biến nhất hiện nay và cận cảnh về mọi ngóc ngách trên con đường tối đa hóa lợi nhuận</subfield>
   <subfield code="c">David Brown, Kassandra Bentley; Thanh Hương, Mỹ Hạnh (dịch)</subfield>
  </datafield>
  <datafield tag="250" ind1=" " ind2=" ">
   <subfield code="a">Tái bản lần thứ 7</subfield>
  </datafield>
  <datafield tag="260" ind1=" " ind2=" ">
   <subfield code="a">H.</subfield>
   <subfield code="b">Lao động</subfield>
   <subfield code="c">2022</subfield>
  </datafield>
  <datafield tag="300" ind1=" " ind2=" ">
   <subfield code="a">367 tr.</subfield>
   <subfield code="c">21cm</subfield>
  </datafield>
  <datafield tag="520" ind1="3" ind2=" ">
   <subfield code="a">Những điều cần biết về Chiến Lược Đầu Tư Chứng Khoán sẽ giúp bạn trở thành một nhà đầu tư tự tin hơn và thành công hơn trên thị trường chứng khoán. Nội dung cuốn sách Kinh doanh là những điều tra và phân tích đơn giản dễ hiểu về các phong cách đầu tư phổ biến nhất hiện nay, nó giải thích những đặc trưng của các loại cổ phiếu đại diện cho từng xu hướng, các chiến lược để tìm kiếm cơ hội và đầu tư vào những loại cổ phiếu tốt nhất, các lời khuyên giúp bạn chọn được cho mình hướng đầu tư tốt nhất trong các thị trường khác nhau và nhiều hơn thế.</subfield>
  </datafield>
  <datafield tag="653" ind1=" " ind2=" ">
   <subfield code="a"> Tài chính - Ngân hàng</subfield>
  </datafield>
  <datafield tag="700" ind1="1" ind2=" ">
   <subfield code="a">Kassandra Bentley</subfield>
  </datafield>
  <datafield tag="700" ind1="0" ind2=" ">
   <subfield code="a">Thanh Hương</subfield>
   <subfield code="e">Dịch</subfield>
  </datafield>
  <datafield tag="700" ind1="0" ind2=" ">
   <subfield code="a">Mỹ Hạnh</subfield>
   <subfield code="e">Dịch</subfield>
  </datafield>
  <datafield tag="942" ind1=" " ind2=" ">
   <subfield code="2">ddc</subfield>
   <subfield code="c">BK</subfield>
  </datafield>
  <datafield tag="952" ind1=" " ind2=" ">
   <subfield code="0">0</subfield>
   <subfield code="1">0</subfield>
   <subfield code="2">ddc</subfield>
   <subfield code="4">0</subfield>
   <subfield code="6">332_632000000000000_B879</subfield>
   <subfield code="7">0</subfield>
   <subfield code="9">29060</subfield>
   <subfield code="a">000001</subfield>
   <subfield code="b">000001</subfield>
   <subfield code="d">2024-06-17</subfield>
   <subfield code="o">332.632 B879</subfield>
   <subfield code="p">MD.22545</subfield>
   <subfield code="r">2024-06-17</subfield>
   <subfield code="v">169000.00</subfield>
   <subfield code="w">2024-06-17</subfield>
   <subfield code="y">BK</subfield>
  </datafield>
  <datafield tag="952" ind1=" " ind2=" ">
   <subfield code="0">0</subfield>
   <subfield code="1">0</subfield>
   <subfield code="2">ddc</subfield>
   <subfield code="4">0</subfield>
   <subfield code="6">332_632000000000000_B879</subfield>
   <subfield code="7">0</subfield>
   <subfield code="9">29061</subfield>
   <subfield code="a">000001</subfield>
   <subfield code="b">000001</subfield>
   <subfield code="d">2024-06-17</subfield>
   <subfield code="o">332.632 B879</subfield>
   <subfield code="p">MD.22546</subfield>
   <subfield code="r">2024-06-17</subfield>
   <subfield code="v">169000.00</subfield>
   <subfield code="w">2024-06-17</subfield>
   <subfield code="y">BK</subfield>
  </datafield>
  <datafield tag="952" ind1=" " ind2=" ">
   <subfield code="0">0</subfield>
   <subfield code="1">0</subfield>
   <subfield code="2">ddc</subfield>
   <subfield code="4">0</subfield>
   <subfield code="6">332_632000000000000_B879</subfield>
   <subfield code="7">0</subfield>
   <subfield code="9">29062</subfield>
   <subfield code="a">000001</subfield>
   <subfield code="b">000001</subfield>
   <subfield code="d">2024-06-17</subfield>
   <subfield code="l">3</subfield>
   <subfield code="m">2</subfield>
   <subfield code="o">332.632 B879</subfield>
   <subfield code="p">MD.22547</subfield>
   <subfield code="r">2025-02-07</subfield>
   <subfield code="s">2025-01-16</subfield>
   <subfield code="v">169000.00</subfield>
   <subfield code="w">2024-06-17</subfield>
   <subfield code="y">BK</subfield>
  </datafield>
  <datafield tag="952" ind1=" " ind2=" ">
   <subfield code="0">0</subfield>
   <subfield code="1">0</subfield>
   <subfield code="2">ddc</subfield>
   <subfield code="4">0</subfield>
   <subfield code="6">332_632000000000000_B879</subfield>
   <subfield code="7">0</subfield>
   <subfield code="9">29063</subfield>
   <subfield code="a">000001</subfield>
   <subfield code="b">000001</subfield>
   <subfield code="d">2024-06-17</subfield>
   <subfield code="o">332.632 B879</subfield>
   <subfield code="p">MD.22548</subfield>
   <subfield code="r">2024-06-17</subfield>
   <subfield code="v">169000.00</subfield>
   <subfield code="w">2024-06-17</subfield>
   <subfield code="y">BK</subfield>
  </datafield>
  <datafield tag="952" ind1=" " ind2=" ">
   <subfield code="0">0</subfield>
   <subfield code="1">0</subfield>
   <subfield code="2">ddc</subfield>
   <subfield code="4">0</subfield>
   <subfield code="6">332_632000000000000_B879</subfield>
   <subfield code="7">0</subfield>
   <subfield code="9">29064</subfield>
   <subfield code="a">000001</subfield>
   <subfield code="b">000001</subfield>
   <subfield code="d">2024-06-17</subfield>
   <subfield code="o">332.632 B879</subfield>
   <subfield code="p">MD.22549</subfield>
   <subfield code="r">2024-06-17</subfield>
   <subfield code="v">169000.00</subfield>
   <subfield code="w">2024-06-17</subfield>
   <subfield code="y">BK</subfield>
  </datafield>
  <datafield tag="980" ind1=" " ind2=" ">
   <subfield code="a">Thư viện Trường Đại học Nam Cần Thơ</subfield>
  </datafield>
 </record>
</collection>
